| 000 | 00553nam a22002057a 4500 | ||
|---|---|---|---|
| 001 | 00028697 | ||
| 005 | 20260406084343.0 | ||
| 008 | 260406b ag ||||| |||| 00| 0 spa d | ||
| 020 | _a842533389 | ||
| 040 |
_aAR-CcCEOS _bspa _cAR-CcCEOS |
||
| 041 | _aspa | ||
| 080 | _a860-3 | ||
| 090 | _bGAL | ||
| 100 | 1 |
_aGálvez, Pedro _91012 |
|
| 245 |
_aNerón : _bDiario de un emperador / _cPedro Gálvez |
||
| 264 |
_aBarcelona : _bGrijalbo, _cc2000. |
||
| 300 |
_a218 p. ; _c24x15 cm. |
||
| 655 | 0 |
_aliteratura española _9120 _vnovela |
|
| 942 |
_2udc _cBK _n0 |
||
| 999 |
_c28730 _d28730 |
||